| 000 | 00610cam a22002057a 4500 | ||
|---|---|---|---|
| 001 | 4250666 | ||
| 003 | ARRUPE | ||
| 005 | 20140602114020.0 | ||
| 008 | 830804s1981 rh a 000 0 eng | ||
| 010 | _a 83182283 | ||
| 020 | _a0869202553 | ||
| 040 |
_aDLC _cDLC _dDLC |
||
| 050 | 0 | 0 |
_aSPC QL737.C23 _bO15 |
| 100 | 1 |
_aO'Callaghan, P. _q(Padraic) _910521 |
|
| 245 | 1 | 0 |
_aTiki, our genet cat / _cphotographs and text by P. O'Callaghan. |
| 260 |
_aBulawayo : _bBooks of Zimbabwe, _c1981. |
||
| 300 |
_a79 p. : _bill. ; _c24 cm. |
||
| 906 |
_a7 _bcbc _corignew _d5 _encip _f19 _gy-gencatlg |
||
| 942 |
_2lcc _cMONOGRAPH |
||
| 999 |
_c120589 _d120589 |
||